Pays qui possédaient Vienne à travers l'histoire - Statistiques

Statistiques générales
  • Ce quiz a été pris 87 fois
  • Le résultat moyen est 13 sur 15
Statistiques - réponses
Période Pays % Correct
1938 - 1945 3e Reich
100%
1867 - 1919 Autriche-Hongrie
100%
1453 - 1806 Archiduché d'Autriche
98%
1919 - 1938 Autriche
98%
1955 - Aujourd'hui Autriche
98%
1156 - 1453 Duché d'Autriche
98%
1806 - 1867 Empire d'Autriche
98%
976 - 1156 Margraviat d'Autriche
98%
1945 - 1955 France
93%
1945 - 1955 Royaume-Uni
87%
1945 - 1955 URSS
85%
1945 - 1955 États-Unis
84%
1683 Empire Ottoman
70%
976 - 1806 Saint Empire Romain Germanique
67%
1815 - 1866 Confédération Germanique
30%
Aucun quiz correspondant
Distribution des résultats
% des personnes avec chaque résultat
Percentile par nombre de réponses
Votre historique - résultats
Vous n’avez pas pris ce quiz